000 00387pab a2200145 454500
008 180718b2002 xxu||||| |||| 00| 0 eng d
100 _aSabarwal, P.C.
245 _a"Does public evaluate police performance on the same parameters as police does?
260 _c2002
300 _ap.62-71.
362 _aOct-Dec
650 _aPolice
773 _aIndian Police Journal
909 _a55846
999 _c55846
_d55846